Countries with an Element Named After Them - Statistics

General Stats
  • This quiz has been taken 16 times
  • The average score is 6 of 7
Answer Stats
Hint Answer % Correct
Francium, Gallium France
100%
Germanium Germany
100%
Indium India
100%
Polonium Poland
100%
Nihonium Japan
88%
Ruthenium Russia
75%
Copper Cyprus
50%
No matching quizzes found
Score Distribution
Percent of People with Each Score
Percentile by Number Answered
Your Score History
You have not taken this quiz